[Event "Llinars del Valles op-A 13th"]
[Site "Llinars del Valles"]
[Date "2019.05.04"]
[Round "4"]
[White "Torras Coloma, Pau"]
[Black "Collazo Gibanel, Sergio"]
[Result "1/2-1/2"]
[WhiteElo "1770"]
[BlackElo "1699"]
[PlyCount "155"]
[EventDate "2019.03.30"]
[EventType "swiss"]
[EventRounds "8"]
[EventCountry "ESP"]
[SourceTitle "EXT 2020"]
[Source "ChessBase"]
[SourceDate "2019.10.17"]
[SourceVersion "1"]
[SourceVersionDate "2019.10.17"]
[SourceQuality "1"]

1. d4 f5 2. e4 fxe4 3. Nc3 Nf6 4. Bg5 Nc6 5. d5 Ne5 6. Qd4 d6 7. Bxf6 exf6 8. Qxe4 Be7 9. f4 f5 10. Qa4+ Bd7 11. Bb5 Ng4 12. Bxd7+ Qxd7 13. Qxd7+ Kxd7 14. Nge2 Rhe8 15. Kd2 Bf6 16. Rhe1 Re7 17. Ng3 g6 18. Rxe7+ Kxe7 19. h3 Nh6 20. Re1+ Kd7 21. Nge2 Re8 22. Nb5 c6 23. dxc6+ bxc6 24. Nbd4 c5 25. Nf3 Nf7 26. c4 h6 27. g4 fxg4 28. hxg4 Kc7 29. Nc3 Rxe1 30. Nxe1 Bg7 31. Nd3 h5 32. Nd5+ Kd7 33. gxh5 gxh5 34. Ke2 Nh6 35. Kf3 a5 36. b3 Ke6 37. Nf2 Nf5 38. Nh3 Nd4+ 39. Ke4 Ne2 40. f5+ Kd7 41. f6 Bh6 42. Kf5 Nc1 43. Kg6 Bf8 44. Ng5 h4 45. f7 Nd3 46. Nf6+ Ke7 47. Nd5+ Kd7 48. Nh7 Ne5+ 49. Kh5 Nxf7 50. Nxf8+ Ke8 51. Kxh4 Kxf8 52. Kg4 Ne5+ 53. Kf5 Kf7 54. Nc3 Ke7 55. Ke4 Ke6 56. Nb5 a4 57. Nc7+ Kd7 58. Nb5 axb3 59. axb3 Nc6 60. Kd3 Ke6 61. Ke4 Na5 62. Nc7+ Kd7 63. Nd5 Nxb3 64. Kd3 Na5 65. Kc3 Ke6 66. Nc7+ Ke5 67. Nd5 Nc6 68. Nc7 Ne7 69. Kd3 Nc6 70. Kc3 Ne7 71. Kd3 Nf5 72. Nd5 Ng3 73. Nc7 Nh5 74. Kc3 Nf4 75. Nb5 d5 76. cxd5 Kxd5 77. Nc7+ Kc6 78. Na6 1/2-1/2

[Event "Llinars del Valles op-A 12th"]
[Site "Llinars del Valles"]
[Date "2018.04.14"]
[Round "1"]
[White "Torras Coloma, Pau"]
[Black "Prats Safont, Sergi"]
[Result "1-0"]
[WhiteElo "1681"]
[BlackElo "1939"]
[PlyCount "91"]
[EventDate "2018.04.14"]
[EventType "swiss"]
[EventRounds "8"]
[EventCountry "ESP"]
[SourceTitle "CBM 184 Extra"]
[Source "ChessBase"]
[SourceDate "2018.06.28"]
[SourceVersion "1"]
[SourceVersionDate "2018.06.28"]
[SourceQuality "1"]

1. d4 Nf6 2. c4 e6 3. Nc3 Bb4 4. e3 0-0 5. Nge2 b6 6. a3 Bxc3+ 7. Nxc3 Bb7 8. d5 d6 9. Be2 a5 10. 0-0 e5 11. e4 Qe7 12. Bg5 h6 13. Bxf6 Qxf6 14. Qc2 g5 15. b4 axb4 16. axb4 Na6 17. Qb2 Qg6 18. Bg4 Rad8 19. Bf5 Qf6 20. Nb5 Qe7 21. Ra2 h5 22. Rfa1 Ra8 23. Qd2 Kg7 24. Ra3 h4 25. Qb2 Rh8 26. Nc3 Rhd8 27. Nd1 Kg8 28. Ne3 Qf6 29. Ng4 Qe7 30. Rf3 Nxb4 31. Rxa8 Rxa8 32. g3 Na6 33. gxh4 gxh4 34. Qd2 Qf8 35. Qg5+ Qg7 36. Qxh4 Kf8 37. Be6 Nc5 38. Rxf7+ Qxf7 39. Bxf7 Kxf7 40. Qf6+ Ke8 41. Qg6+ Ke7 42. Qg7+ Kd8 43. Nf6 c6 44. Qf8+ Kc7 45. Qe7+ Kb8 46. Qxd6+ 1-0

[Event "Llinars del Valles op 11th"]
[Site "Llinars del Valles"]
[Date "2017.05.27"]
[Round "6"]
[White "Torras Coloma, Pau"]
[Black "Baltasar Diaz, Vicente"]
[Result "0-1"]
[WhiteElo "1601"]
[BlackElo "1833"]
[PlyCount "44"]
[EventDate "2017.04.22"]
[EventType "swiss"]
[EventRounds "9"]
[EventCountry "CAT"]
[SourceTitle "EXT 2018"]
[Source "ChessBase"]
[SourceDate "2017.10.13"]
[SourceVersion "1"]
[SourceVersionDate "2017.10.13"]
[SourceQuality "1"]

1. d4 Nf6 2. c4 e5 3. dxe5 Ng4 4. Nf3 Bc5 5. e3 Nc6 6. Be2 Ngxe5 7. 0-0 Nxf3+ 8. Bxf3 Ne5 9. Be2 0-0 10. a3 a5 11. b3 Re8 12. Bb2 Ra6 13. Nd2 Rh6 14. Qc2 d6 15. Bxe5 Rxe5 16. g3 Qf6 17. Bf3 Rxe3 18. fxe3 Bxe3+ 19. Kh1 Rxh2+ 20. Kxh2 Qh6+ 21. Bh5 Qxh5+ 22. Kg2 Bh3+ 0-1

[Event "Llinars del Valles op 11th"]
[Site "Llinars del Valles"]
[Date "2017.05.20"]
[Round "5"]
[White "Garcia Payas, Alex"]
[Black "Torras Coloma, Pau"]
[Result "1-0"]
[WhiteElo "1843"]
[BlackElo "1601"]
[PlyCount "89"]
[EventDate "2017.04.22"]
[EventType "swiss"]
[EventRounds "9"]
[EventCountry "CAT"]
[SourceTitle "EXT 2018"]
[Source "ChessBase"]
[SourceDate "2017.10.13"]
[SourceVersion "1"]
[SourceVersionDate "2017.10.13"]
[SourceQuality "1"]

1. c4 e6 2. Nf3 d5 3. g3 Nf6 4. Bg2 Be7 5. 0-0 0-0 6. b3 Nbd7 7. Bb2 c6 8. d4 Ne4 9. Nbd2 f5 10. Ne5 Kh8 11. e3 Ndf6 12. f3 Nxd2 13. Qxd2 Bd7 14. Rae1 Be8 15. e4 Bh5 16. Qd3 Bb4 17. Bc3 Bxc3 18. Qxc3 Rc8 19. exf5 exf5 20. Nd3 dxc4 21. bxc4 Qc7 22. Nf4 Bf7 23. Re5 Qb6 24. Rxf5 Qa6 25. Rc1 b5 26. Bf1 Qb7 27. Qb2 Qd7 28. Rc5 Rcd8 29. cxb5 cxb5 30. Bxb5 Qxd4+ 31. Qxd4 Rxd4 32. a4 a6 33. Bc6 Rfd8 34. a5 Rd1+ 35. Rxd1 Rxd1+ 36. Kg2 Rd2+ 37. Kh3 h6 38. g4 g5 39. Ng2 Nd5 40. Kg3 Kg7 41. Bxd5 Bxd5 42. Ne3 Bb3 43. Rc6 Re2 44. Nf5+ Kh7 45. Rxh6+ 1-0

[Event "Roncana op-A 10th"]
[Site "Santa Eulalia de Roncana"]
[Date "2016.10.22"]
[Round "5"]
[White "Benito Cabezas, Ana"]
[Black "Torras Coloma, Pau"]
[Result "1-0"]
[WhiteElo "1876"]
[BlackElo "1641"]
[PlyCount "97"]
[EventDate "2016.09.24"]
[EventType "swiss"]
[EventRounds "8"]
[EventCountry "ESP"]
[SourceTitle "EXT 2018"]
[Source "ChessBase"]
[SourceDate "2017.10.13"]
[SourceVersion "1"]
[SourceVersionDate "2017.10.13"]
[SourceQuality "1"]

1. d4 Nf6 2. c4 g6 3. Nc3 Bg7 4. Bg5 0-0 5. e4 d6 6. Be2 c6 7. Nf3 Nbd7 8. 0-0 Qc7 9. Qd2 Re8 10. Rac1 e5 11. d5 Nc5 12. Bxf6 Bxf6 13. Rfd1 Rd8 14. b4 Na6 15. a3 Qd7 16. dxc6 bxc6 17. c5 Nc7 18. Qxd6 Qxd6 19. Rxd6 Rxd6 20. cxd6 Ne6 21. Na4 Bd7 22. Nc5 Nxc5 23. bxc5 Rb8 24. Bc4 Rb2 25. h3 h6 26. Rc3 Be6 27. Bxe6 fxe6 28. Kf1 Kf7 29. Ke1 Ke8 30. Nd2 Bg5 31. Nc4 Rb1+ 32. Ke2 Ra1 33. Nxe5 Ra2+ 34. Kd3 Rd2+ 35. Kc4 Bf6 36. f4 Bxe5 37. fxe5 Rxg2 38. Rb3 Kd8 39. Rb8+ Kd7 40. Rb7+ Kd8 41. Rb3 h5 42. Kb4 g5 43. Ka5 g4 44. hxg4 hxg4 45. Ka6 Rg1 46. Kxa7 g3 47. Kb6 g2 48. Kxc6 Re1 49. Rb8# 1-0

[Event "Roncana op-A 10th"]
[Site "Santa Eulalia de Roncana"]
[Date "2016.10.01"]
[Round "2"]
[White "Mas Recorda, Pere"]
[Black "Torras Coloma, Pau"]
[Result "1-0"]
[WhiteElo "2027"]
[BlackElo "1641"]
[PlyCount "115"]
[EventDate "2016.09.24"]
[EventType "swiss"]
[EventRounds "8"]
[EventCountry "ESP"]
[SourceTitle "EXT 2018"]
[Source "ChessBase"]
[SourceDate "2017.10.13"]
[SourceVersion "1"]
[SourceVersionDate "2017.10.13"]
[SourceQuality "1"]

1. d4 Nf6 2. c4 g6 3. Nc3 Bg7 4. e4 d6 5. f4 0-0 6. Nf3 c5 7. d5 e6 8. dxe6 fxe6 9. Bd3 Nc6 10. 0-0 a6 11. Bd2 b5 12. cxb5 Nd4 13. bxa6 Bxa6 14. Bxa6 Rxa6 15. Rc1 Qa8 16. Qe1 Rb8 17. b3 Nb5 18. e5 dxe5 19. fxe5 Nd5 20. Nxb5 Rxb5 21. Ng5 Rxa2 22. Nxe6 Rxb3 23. Qf2 Qe8 24. Nxg7 Kxg7 25. Rxc5 Rd3 26. Bh6+ Kxh6 27. Qxa2 Qxe5 28. Qf2 Qe3 29. Qxe3+ Nxe3 30. Re1 Nf5 31. Re2 Rb3 32. Rc7 Re3 33. Rb2 Re7 34. Rxe7 Nxe7 35. Rb7 Ng8 36. h4 Nf6 37. Rf7 Ng4 38. g3 g5 39. hxg5+ Kg6 40. Re7 Kxg5 41. Rxh7 Kg6 42. Ra7 Kf5 43. Kg2 Nf6 44. Kf3 Kg5 45. Ra5+ Kg6 46. g4 Ne8 47. Rc5 Ng7 48. Kg3 Ne8 49. Rb5 Ng7 50. Kf3 Ne8 51. Kf4 Kf6 52. Rb6+ Kf7 53. Kg5 Kg7 54. Rb7+ Kf8 55. Rb8 Kf7 56. Rxe8 Kxe8 57. Kg6 Kf8 58. Kh7 1-0

[Event "Roncana op-A 10th"]
[Site "Santa Eulalia de Roncana"]
[Date "2016.09.24"]
[Round "1"]
[White "Torras Coloma, Pau"]
[Black "Costa Trave, Jaume"]
[Result "1/2-1/2"]
[WhiteElo "1641"]
[BlackElo "1917"]
[PlyCount "67"]
[EventDate "2016.09.24"]
[EventType "swiss"]
[EventRounds "8"]
[EventCountry "ESP"]
[SourceTitle "EXT 2018"]
[Source "ChessBase"]
[SourceDate "2017.10.13"]
[SourceVersion "1"]
[SourceVersionDate "2017.10.13"]
[SourceQuality "1"]

1. d4 d5 2. c4 c6 3. Nc3 a6 4. e3 Nf6 5. Nf3 e6 6. Bd3 Bd6 7. 0-0 Nbd7 8. e4 dxe4 9. Nxe4 Nxe4 10. Bxe4 Nf6 11. Bc2 b5 12. b3 Bb7 13. Bb2 c5 14. dxc5 Bxc5 15. Qe2 bxc4 16. bxc4 0-0 17. Rfd1 Qe7 18. Rab1 Rab8 19. Be5 Bxf3 20. Qxf3 Rxb1 21. Rxb1 Nd7 22. Bc3 Qg5 23. Qd3 Rd8 24. Qxh7+ Kf8 25. Qh8+ Ke7 26. Qxg7 Qf4 27. Qg3 Qxc4 28. Bb3 Qe4 29. Re1 Qh7 30. Qg5+ Ke8 31. Qg7 Qd3 32. Qh8+ Ke7 33. Qh4+ Ke8 34. Qh8+ 1/2-1/2

[Event "Roncana op-B 7th"]
[Site "Santa Eulalia de Roncana"]
[Date "2013.11.09"]
[Round "5"]
[White "Torras Coloma, Pau"]
[Black "Vega Benitez, Oscar"]
[Result "1-0"]
[WhiteElo "1502"]
[BlackElo "1289"]
[PlyCount "60"]
[EventDate "2013.10.05"]
[EventType "swiss"]
[EventRounds "8"]
[EventCountry "ESP"]
[SourceTitle "EXT 2015"]
[Source "ChessBase"]
[SourceDate "2014.11.20"]
[SourceVersion "1"]
[SourceVersionDate "2014.11.20"]
[SourceQuality "1"]

1. d4 d5 2. c4 e6 3. Nc3 Be7 4. Bf4 Nf6 5. e3 0-0 6. Bd3 Bd6 7. Bxd6 Qxd6 8. Nf3 b6 9. cxd5 exd5 10. 0-0 Bb7 11. Qc2 Nbd7 12. Rac1 c5 13. Nb5 Qe7 14. Rfe1 Ne4 15. Nd2 Nxd2 16. Qxd2 a6 17. Nc3 Qg5 18. Ne2 Rac8 19. f4 Qh4 20. Bb1 Nf6 21. h3 Ne4 22. dxc5 Rfd8 23. Qb4 Rxc5 24. Rxc5 bxc5 25. Qa5 Qe7 26. Rc1 Rc8 27. Nc3 Qd7 28. Na4 Qc6 29. Qe1 Qb5 30. b3 c4 1-0

[Event "Llinars del Valles op-B 7th"]
[Site "Llinars del Valles"]
[Date "2013.06.01"]
[Round "7"]
[White "Corretja Torrens, Jordi"]
[Black "Torras Coloma, Pau"]
[Result "1-0"]
[WhiteElo "1699"]
[BlackElo "1531"]
[PlyCount "107"]
[EventDate "2013.04.13"]
[EventType "swiss"]
[EventRounds "7"]
[EventCountry "ESP"]
[SourceTitle "CBM 154 Extra"]
[Source "ChessBase"]
[SourceDate "2013.06.25"]
[SourceVersion "2"]
[SourceVersionDate "2013.06.25"]
[SourceQuality "1"]

1. e4 c5 2. Nf3 a6 3. a4 Nc6 4. d4 cxd4 5. Nxd4 Nf6 6. Nc3 e5 7. Nb3 d6 8. Be2 Be7 9. Be3 Be6 10. 0-0 Qd7 11. f3 h5 12. Nd5 Bd8 13. a5 Bxd5 14. exd5 Ne7 15. c4 Nf5 16. Bf2 g5 17. c5 dxc5 18. Nxc5 Qxd5 19. Qxd5 Nxd5 20. Nxb7 Nf4 21. Bd1 Be7 22. Ba4+ Kf8 23. Nc5 Ne2+ 24. Kh1 Nfd4 25. Nd7+ Kg7 26. Nxe5 f6 27. Nc6 Nxc6 28. Bxc6 Rab8 29. Rab1 Rhc8 30. Be4 Nf4 31. Rfd1 Ng6 32. Rd7 Re8 33. Bc5 h4 34. Bxg6 Kxg6 35. Rxe7 Rec8 36. Bd4 Rb5 37. Re6 Rf5 38. Rxa6 Rc4 39. Bc3 g4 40. Rf1 Ra4 41. Ra8 Kg7 42. Kg1 Raf4 43. a6 h3 44. g3 Rxf3 45. Rxf3 gxf3 46. Kf2 Rg5 47. a7 Rg6 48. Rd8 Kh6 49. a8Q Kh5 50. Rh8+ Kg5 51. Qd5+ f5 52. Qd8+ Rf6 53. Qxf6+ Kg4 54. Rh4# 1-0